[Event "SC Heideck-Hilpoltstein 1-SK 1911 Herzo"]
[Site "?"]
[Date "2013.02.11"]
[Round "7.1"]
[White "Sattler, Stefan"]
[Black "Fink, Martin"]
[Result "1/2-1/2"]
[WhiteElo "2074"]
[BlackElo "1869"]
[PlyCount "56"]
[EventDate "2013.??.??"]
[WhiteTeam "SK 1911 Herzogenaurach e.V. 1"]
[BlackTeam "SC Heideck-Hilpoltstein 1"]

1. e4 c5 2. Nf3 Nc6 3. d4 cxd4 4. Nxd4 d6 5. Nc3 Nf6 6. Be3 e5 7. Nb3 Be7 8.
Be2 O-O 9. O-O b6 10. Bf3 Ba6 11. Re1 Rc8 12. Qd2 Kh8 13. Rad1 Ne8 14. Bg4 Rb8
15. Nd5 Bc8 16. Qe2 f5 17. exf5 Bxf5 18. Bxf5 Rxf5 19. Qg4 Qc8 20. c3 Qe6 21.
Nc1 Nf6 22. Nxf6 Qxf6 23. Qe4 d5 24. Rxd5 Rf8 25. Nd3 Bd8 26. Rd7 Rh5 27. g3
Qe6 28. Rb7 Qc8 1/2-1/2

[Event "SC Heideck-Hilpoltstein 1-SK 1911 Herzo"]
[Site "?"]
[Date "2013.02.11"]
[Round "7.2"]
[White "Kirchner, Norbert"]
[Black "Bock, Helmar"]
[Result "1-0"]
[WhiteElo "1967"]
[BlackElo "2032"]
[PlyCount "159"]
[EventDate "2013.??.??"]
[WhiteTeam "SC Heideck-Hilpoltstein 1"]
[BlackTeam "SK 1911 Herzogenaurach e.V. 1"]

1. e4 c5 2. Nf3 d6 3. Bc4 e6 4. d4 cxd4 5. Nxd4 a6 6. Be3 Nf6 7. Nd2 b5 8. Be2
Bb7 9. Bf3 Nbd7 10. O-O Rc8 11. c3 Nc5 12. Bg5 Be7 13. Qe2 h6 14. Bh4 Nfd7 15.
Bg3 Ne5 16. Rfd1 Qb6 17. Bf4 Na4 18. Rab1 O-O 19. Be3 Qc7 20. g3 Rfe8 21. Bg2
Nb6 22. Rbc1 Nbc4 23. Rc2 Nxe3 24. Qxe3 Bf6 25. Qe2 Qb6 26. a3 Ng6 27. Nf1 Red8
28. Rcd2 d5 29. exd5 Bxd5 30. Bxd5 Rxd5 31. Ne3 Rdd8 32. Ng4 Bg5 33. Rd3 Be7
34. Nf3 Rxd3 35. Rxd3 Rd8 36. Kf1 Qb7 37. Rxd8+ Bxd8 38. Qd3 Bb6 39. Ke2 Ne7
40. Nge5 Nd5 41. c4 bxc4 42. Qxc4 Ba7 43. b4 Nb6 44. Qc6 Qe7 45. Nd2 f6 46.
Nec4 Qd7 47. Na5 Qd5 48. Qxd5 Nxd5 49. Nc6 Bb6 50. Nc4 Bc7 51. Nd4 Kf7 52. Nb3
Nb6 53. Kd3 Na4 54. Kd4 Ke7 55. Nc5 Nxc5 56. Kxc5 Kd7 57. Nb6+ Kd8 58. Kc6 Be5
59. Kb7 Bd4 60. f3 h5 61. Kxa6 g5 62. h3 f5 63. Nc4 e5 64. Nd6 e4 65. fxe4 f4
66. gxf4 gxf4 67. Nf5 f3 68. Ng3 Kc7 69. Kb5 Kd6 70. Kc4 h4 71. Nf1 Ke5 72. Kd3
Bb2 73. a4 Ba3 74. b5 Kf4 75. b6 Bc5 76. b7 Ba7 77. a5 f2 78. Nd2 Kg3 79. e5
Kxh3 80. e6 1-0

[Event "SC Heideck-Hilpoltstein 1-SK 1911 Herzo"]
[Site "?"]
[Date "2013.02.11"]
[Round "7.3"]
[White "Glitz, Martin"]
[Black "Wegmann, Wolfgang"]
[Result "1/2-1/2"]
[WhiteElo "1979"]
[BlackElo "1863"]
[PlyCount "83"]
[EventDate "2013.??.??"]
[WhiteTeam "SK 1911 Herzogenaurach e.V. 1"]
[BlackTeam "SC Heideck-Hilpoltstein 1"]

1. e4 c5 2. Nf3 e6 3. d4 cxd4 4. Nxd4 a6 5. Bd3 Qc7 6. O-O Nc6 7. Nxc6 dxc6 8.
Qe2 e5 9. a4 Nf6 10. h3 Be7 11. Nd2 Be6 12. Nc4 O-O 13. b3 Bxc4 14. Bxc4 Bc5
15. Bg5 Be7 16. a5 Rad8 17. Be3 c5 18. Bd3 Nd7 19. Kh1 Nb8 20. Bd2 Nc6 21. Bc3
Nd4 22. Bxd4 Rxd4 23. Qh5 g6 24. Qe2 Rfd8 25. Qf3 Bf8 26. Bc4 R4d7 27. Bd5 Kg7
28. Qc3 f6 29. Ra4 Rb8 30. Rc4 Qd8 31. Ra4 h5 32. Raa1 Bd6 33. Rfd1 Qe7 34. Rd3
Rbd8 35. Rad1 Bb8 36. Bc4 Rd4 37. Bd5 f5 38. Qe1 g5 39. f3 f4 40. c3 Rxd3 41.
Rxd3 Bc7 42. Qa1 1/2-1/2

[Event "SC Heideck-Hilpoltstein 1-SK 1911 Herzo"]
[Site "?"]
[Date "2013.02.11"]
[Round "7.4"]
[White "Perner, Bastian"]
[Black "Eichstädt, Timm"]
[Result "1/2-1/2"]
[WhiteElo "1881"]
[BlackElo "1943"]
[PlyCount "70"]
[EventDate "2013.??.??"]
[WhiteTeam "SC Heideck-Hilpoltstein 1"]
[BlackTeam "SK 1911 Herzogenaurach e.V. 1"]

1. e4 Nf6 2. Nc3 d5 3. e5 Nfd7 4. d4 e6 5. Be3 c5 6. Nf3 Nc6 7. Bb5 Be7 8. O-O
O-O 9. Bxc6 bxc6 10. Ne2 Ba6 11. Re1 Bxe2 12. Rxe2 cxd4 13. Bxd4 c5 14. Be3 a5
15. b3 a4 16. Re1 Qc7 17. Bf4 Nb6 18. Qe2 c4 19. Nd4 Ra5 20. Be3 Rc8 21. Rab1
axb3 22. axb3 Qxe5 23. Nxe6 fxe6 24. Bxb6 Qxe2 25. Rxe2 Rb5 26. Be3 Rcb8 27.
Bf4 R8b6 28. Bd2 Bf6 29. Rbe1 cxb3 30. cxb3 Rxb3 31. Rxe6 Rxe6 32. Rxe6 Rb1+
33. Re1 Rxe1+ 34. Bxe1 Kf7 35. Kf1 Ke6 1/2-1/2

[Event "SC Heideck-Hilpoltstein 1-SK 1911 Herzo"]
[Site "?"]
[Date "2013.02.11"]
[Round "7.5"]
[White "Walther, Reinhard"]
[Black "Korth, Manfred"]
[Result "1/2-1/2"]
[WhiteElo "1896"]
[BlackElo "1826"]
[PlyCount "56"]
[EventDate "2013.??.??"]
[WhiteTeam "SK 1911 Herzogenaurach e.V. 1"]
[BlackTeam "SC Heideck-Hilpoltstein 1"]

1. d4 d6 2. e4 Nf6 3. Nc3 c6 4. f3 Nbd7 5. Be3 e5 6. Nge2 Be7 7. Qd2 Qc7 8. Ng3
exd4 9. Bxd4 Ne5 10. Be2 Be6 11. b3 Rd8 12. f4 Bc8 13. Qe3 Neg4 14. Qf3 Qa5 15.
h3 Nh6 16. O-O O-O 17. Nd1 d5 18. e5 Ne4 19. Be3 Nxg3 20. Qxg3 Nf5 21. Qf3 Nxe3
22. Nxe3 Bc5 23. Bd3 Rde8 24. Rae1 b5 25. Kh2 f6 26. Qh5 g6 27. Bxg6 hxg6 28.
Qxg6+ Kh8 1/2-1/2

[Event "SC Heideck-Hilpoltstein 1-SK 1911 Herzo"]
[Site "?"]
[Date "2013.02.11"]
[Round "7.6"]
[White "Strnad, Alfred"]
[Black "Trockmann, Rafael"]
[Result "0-1"]
[WhiteElo "1865"]
[BlackElo "1873"]
[PlyCount "86"]
[EventDate "2013.??.??"]
[WhiteTeam "SC Heideck-Hilpoltstein 1"]
[BlackTeam "SK 1911 Herzogenaurach e.V. 1"]

1. d4 c5 2. d5 d6 3. c4 e5 4. e4 f5 5. Nc3 Nf6 6. Bd3 f4 7. g3 g5 8. h4 fxg3 9.
fxg3 gxh4 10. gxh4 Be7 11. Be2 h5 12. Nf3 Ng4 13. Ng5 Na6 14. Rf1 Rf8 15. Rxf8+
Bxf8 16. Bf3 Qf6 17. Qe2 Bd7 18. Nb5 Be7 19. a3 Kd8 20. Bd2 Nc7 21. Nc3 a6 22.
O-O-O b5 23. Rf1 Qg6 24. Nd1 bxc4 25. Nf2 Nb5 26. Bxg4 Nd4 27. Ba5+ Kc8 28.
Bxd7+ Kxd7 29. Qxc4 Bxg5+ 30. hxg5 Qxg5+ 31. Bd2 Qg2 32. Nd1 Ne2+ 33. Kc2 Qxf1
34. Qa4+ Ke7 35. Bg5+ Kf8 36. Bh6+ Kg8 37. Qd7 Nd4+ 38. Kc1 Qf6 39. Be3 Rf8 40.
Bf2 Qf4+ 41. Be3 Qxe4 42. Bxd4 exd4 43. Qxd6 Qf4+ 0-1

[Event "SC Heideck-Hilpoltstein 1-SK 1911 Herzo"]
[Site "?"]
[Date "2013.02.11"]
[Round "7.7"]
[White "Wolter, Norbert"]
[Black "Ruderer, Maximilian"]
[Result "1-0"]
[WhiteElo "1842"]
[BlackElo "1683"]
[PlyCount "99"]
[EventDate "2013.??.??"]
[WhiteTeam "SK 1911 Herzogenaurach e.V. 1"]
[BlackTeam "SC Heideck-Hilpoltstein 1"]

1. c4 c5 2. Nc3 Nc6 3. Nf3 g6 4. e3 Bg7 5. d4 b6 6. d5 Ne5 7. Nd2 f5 8. e4 fxe4
9. Ndxe4 d6 10. Be2 Nf6 11. O-O O-O 12. Be3 Bf5 13. Ng3 Bd7 14. h3 Qc8 15. Nce4
a6 16. Nxf6+ Rxf6 17. Bg5 Rf7 18. Qd2 Bf5 19. Be3 Qb7 20. Nxf5 gxf5 21. Rab1
Ng6 22. Bh5 Be5 23. b3 f4 24. Bxg6 hxg6 25. Qd3 Kg7 26. Bd2 Raf8 27. Rbe1 f3
28. Bc3 fxg2 29. Kxg2 Bxc3 30. Qxc3+ Kg8 31. Re6 Rf6 32. Qe3 R8f7 33. f3 Qc8
34. Rxe7 Rxe7 35. Qxe7 Qf5 36. Qe3 Kf8 37. Re1 Qd7 38. Qh6+ Kg8 39. Re4 Qf7 40.
Qe3 Qg7 41. Re8+ Kh7 42. Qg5 Rf8 43. Re7 Rf7 44. Qh4+ Kg8 45. Re8+ Rf8 46. Qd8
Qb2+ 47. Kg3 Qe5+ 48. Rxe5 Rxd8 49. Re6 Kf7 50. Kg4 1-0

[Event "SC Heideck-Hilpoltstein 1-SK 1911 Herzo"]
[Site "?"]
[Date "2013.02.11"]
[Round "7.8"]
[White "Oberhofer, Marc"]
[Black "Habermann, Manfred"]
[Result "0-1"]
[WhiteElo "1275"]
[BlackElo "1835"]
[PlyCount "50"]
[EventDate "2013.??.??"]
[WhiteTeam "SC Heideck-Hilpoltstein 1"]
[BlackTeam "SK 1911 Herzogenaurach e.V. 1"]

1. e4 e6 2. Nc3 c5 3. Nf3 Nc6 4. Bc4 a6 5. a4 Nf6 6. d4 cxd4 7. Nxd4 Bc5 8. Be3
Qb6 9. Nce2 Qb4+ 10. Bd2 Qb6 11. Nxc6 Bxf2+ 12. Kf1 bxc6 13. Nc3 d5 14. exd5
cxd5 15. Bxd5 Nxd5 16. Nxd5 exd5 17. Qe2+ Be6 18. Qxf2 Qxb2 19. Rc1 O-O 20. Qe3
Rac8 21. Qd3 Rc4 22. Kf2 Rfc8 23. Qb3 Qf6+ 24. Kg1 Qg6 25. c3 Bh3 0-1

[Event "SG Siemens Erlangen e.V. 1-SC Noris-Tar"]
[Site "?"]
[Date "2013.02.11"]
[Round "7.1"]
[White "Süß, Stefan"]
[Black "Wohlfahrt, Frank"]
[Result "1-0"]
[WhiteElo "1901"]
[BlackElo "1976"]
[PlyCount "97"]
[EventDate "2013.??.??"]
[WhiteTeam "SC Noris-Tarrasch N 1873 e.V. 4"]
[BlackTeam "SG Siemens Erlangen e.V. 1"]

1. Nf3 d6 2. d4 Nf6 3. g3 Bg4 4. Bg2 c6 5. Nbd2 Nbd7 6. b3 Qa5 7. Bb2 Bxf3 8.
Bxf3 d5 9. O-O e6 10. a3 Be7 11. e4 O-O 12. c4 Rfc8 13. Re1 Qd8 14. Qe2 Bf8 15.
Rac1 Rcb8 16. e5 Ne8 17. Bg4 b5 18. c5 a5 19. h4 g6 20. h5 Ng7 21. hxg6 fxg6
22. Kg2 h5 23. Bh3 Qe8 24. g4 Rb7 25. Qd3 Qf7 26. Re3 hxg4 27. Bxg4 Nf5 28.
Bxf5 Qxf5 29. Qxf5 gxf5 30. Rg3+ Bg7 31. Rg1 Nf8 32. Nf3 Nh7 33. Bc1 Raa7 34.
Ng5 Nxg5 35. Bxg5 Kf8 36. Rh1 Rf7 37. Kf3 a4 38. b4 Ke8 39. Bh6 Bxh6 40. Rxh6
Rae7 41. Rg8+ Rf8 42. Rxf8+ Kxf8 43. Rh8+ Kf7 44. Rh7+ Ke8 45. Rxe7+ Kxe7 46.
Kf4 Kf8 47. Kg5 Kg7 48. f4 Kf7 49. Kh6 1-0

[Event "SG Siemens Erlangen e.V. 1-SC Noris-Tar"]
[Site "?"]
[Date "2013.02.11"]
[Round "7.2"]
[White "Fett, Helmut"]
[Black "Mättig, Stefan"]
[Result "0-1"]
[WhiteElo "1769"]
[BlackElo "1983"]
[PlyCount "100"]
[EventDate "2013.??.??"]
[WhiteTeam "SG Siemens Erlangen e.V. 1"]
[BlackTeam "SC Noris-Tarrasch N 1873 e.V. 4"]

1. c4 d6 2. g3 Nf6 3. Bg2 g6 4. Nc3 Bg7 5. Nf3 O-O 6. O-O e5 7. d3 Nc6 8. Rb1
a5 9. Bd2 Nh5 10. e4 f5 11. Bg5 Qe8 12. exf5 Bxf5 13. Nh4 Be6 14. Qd2 Qd7 15.
Bh6 Rae8 16. Bxg7 Kxg7 17. Ne2 d5 18. Qc3 d4 19. Qd2 Bh3 20. f4 Bxg2 21. Nxg2
Qg4 22. Rf2 e4 23. dxe4 Nf6 24. e5 Ne4 25. Qe1 Nxf2 26. Qxf2 d3 27. Nc3 Nxe5
28. Ne3 Qd7 29. Ned5 Kg8 30. Ne4 Qg7 31. Nef6+ Rxf6 32. Nxf6+ Qxf6 33. fxe5
Qxe5 34. Rf1 Qe3 35. Qxe3 Rxe3 36. Rd1 Kf8 37. Kf2 Re2+ 38. Kf3 Rxb2 39. Rxd3
Ke8 40. Re3+ Kd7 41. Ra3 b6 42. h4 Rc2 43. Rd3+ Ke7 44. Rd4 Rxa2 45. Re4+ Kd7
46. Rf4 Ra3+ 47. Kg4 h5+ 48. Kh3 Re3 49. Rf6 Re6 50. Rf7+ Kd6 0-1

[Event "SG Siemens Erlangen e.V. 1-SC Noris-Tar"]
[Site "?"]
[Date "2013.02.11"]
[Round "7.3"]
[White "Renner, Christian"]
[Black "Müller, Stefan"]
[Result "1/2-1/2"]
[WhiteElo "1898"]
[BlackElo "1909"]
[PlyCount "32"]
[EventDate "2013.??.??"]
[WhiteTeam "SC Noris-Tarrasch N 1873 e.V. 4"]
[BlackTeam "SG Siemens Erlangen e.V. 1"]

1. d4 Nf6 2. c4 d6 3. Nf3 Bg4 4. g3 Bxf3 5. exf3 c6 6. Bg2 Nbd7 7. O-O g6 8.
Nc3 Bg7 9. f4 O-O 10. Qc2 Rc8 11. Rd1 Qa5 12. h3 d5 13. Bd2 Qc7 14. c5 Rfe8 15.
b4 Nh5 16. Be3 Bh6 1/2-1/2

[Event "SG Siemens Erlangen e.V. 1-SC Noris-Tar"]
[Site "?"]
[Date "2013.02.11"]
[Round "7.4"]
[White "Pölsterl, Hans"]
[Black "Süß, Helmut"]
[Result "1-0"]
[WhiteElo "1871"]
[BlackElo "1917"]
[PlyCount "55"]
[EventDate "2013.??.??"]
[WhiteTeam "SG Siemens Erlangen e.V. 1"]
[BlackTeam "SC Noris-Tarrasch N 1873 e.V. 4"]

1. c4 c5 2. Nc3 Nc6 3. Nf3 g6 4. g3 Bg7 5. Bg2 d6 6. O-O Nf6 7. d3 O-O 8. e4 a6
9. h3 Rb8 10. Be3 e5 11. Qd2 Nd4 12. Kh2 Nxf3+ 13. Bxf3 Be6 14. Bg2 b5 15. b3
b4 16. Ne2 a5 17. f4 Ra8 18. f5 Bd7 19. Bg5 Qb6 20. Rf2 gxf5 21. exf5 Bc6 22.
Bh6 Ne8 23. Bxc6 Qxc6 24. f6 Bxh6 25. Qxh6 d5 26. Rf5 Qd6 27. Raf1 Ra6 28. Rh5
1-0

[Event "SG Siemens Erlangen e.V. 1-SC Noris-Tar"]
[Site "?"]
[Date "2013.02.11"]
[Round "7.5"]
[White "Rausch, Wolfgang sr"]
[Black "Semerow, Anatoli"]
[Result "1-0"]
[WhiteElo "1896"]
[BlackElo "1871"]
[PlyCount "69"]
[EventDate "2013.??.??"]
[WhiteTeam "SC Noris-Tarrasch N 1873 e.V. 4"]
[BlackTeam "SG Siemens Erlangen e.V. 1"]

1. c4 c5 2. Nc3 Nc6 3. Nf3 g6 4. d4 cxd4 5. Nxd4 Bg7 6. Nxc6 bxc6 7. e4 d6 8.
Be3 Nf6 9. Be2 O-O 10. O-O Qa5 11. Rc1 Rb8 12. b3 Bb7 13. Qd2 Rfd8 14. Rfd1 Rd7
15. Bf3 a6 16. Nd5 Qd8 17. Nb6 Rc7 18. e5 Ne8 19. Bf4 c5 20. Nd5 Bxd5 21. Qxd5
Rb6 22. exd6 Nxd6 23. Rc2 Bd4 24. Rxd4 cxd4 25. c5 Rb5 26. a4 Rb8 27. Qxd4 Rbc8
28. b4 Rd7 29. c6 Rdc7 30. Bxd6 exd6 31. b5 axb5 32. axb5 Qe7 33. Rc1 Re8 34.
g3 h5 35. h4 1-0

[Event "SG Siemens Erlangen e.V. 1-SC Noris-Tar"]
[Site "?"]
[Date "2013.02.11"]
[Round "7.6"]
[White "Kirsch, Heinrich"]
[Black "Kulok, Solomon"]
[Result "0-1"]
[WhiteElo "1795"]
[BlackElo "1759"]
[PlyCount "80"]
[EventDate "2013.??.??"]
[WhiteTeam "SG Siemens Erlangen e.V. 1"]
[BlackTeam "SC Noris-Tarrasch N 1873 e.V. 4"]

1. d4 Nf6 2. Nf3 g6 3. Bf4 Bg7 4. c3 d6 5. Nbd2 O-O 6. h3 c5 7. e3 Nc6 8. Bb5
a6 9. Bxc6 bxc6 10. dxc5 dxc5 11. O-O Qb6 12. Qb3 Qb5 13. a4 Qxb3 14. Nxb3 Ne4
15. Nfd2 Nxd2 16. Nxd2 e5 17. Bg5 f6 18. Bh4 Bf5 19. e4 Be6 20. f3 Rab8 21.
Rfb1 Rfd8 22. Nf1 Bb3 23. Re1 Kf7 24. Bf2 Bf8 25. Be3 Bc2 26. Ra2 Bb3 27. Raa1
Rd3 28. Nd2 Be6 29. c4 Rxb2 30. Nf1 Bxc4 31. Rec1 Bb3 32. Bxc5 Bh6 33. Rcb1 Rc2
34. Bf2 c5 35. h4 c4 36. Ng3 Rdd2 37. Rf1 Be3 38. Nh1 Bd4 39. Rac1 Bxf2+ 40.
Nxf2 Rxf2 0-1

[Event "SG Siemens Erlangen e.V. 1-SC Noris-Tar"]
[Site "?"]
[Date "2013.02.11"]
[Round "7.7"]
[White "Wagenfeld, Wladymyr"]
[Black "Balhar, Rudolf"]
[Result "1/2-1/2"]
[WhiteElo "1718"]
[BlackElo "1834"]
[PlyCount "68"]
[EventDate "2013.??.??"]
[WhiteTeam "SC Noris-Tarrasch N 1873 e.V. 4"]
[BlackTeam "SG Siemens Erlangen e.V. 1"]

1. d4 Nf6 2. Nd2 d5 3. e3 e6 4. Bd3 c5 5. c3 Be7 6. Ne2 O-O 7. O-O b6 8. f4 Ba6
9. Bc2 Nc6 10. h3 Nh5 11. Kh2 f5 12. Rg1 g6 13. Nf3 Nf6 14. Bd2 Ne4 15. Be1 Kh8
16. g3 Rc8 17. Rg2 Rg8 18. Bd3 Bxd3 19. Qxd3 c4 20. Qc2 Rc7 21. Ne5 Qe8 22.
Nxc6 Qxc6 23. Ng1 b5 24. Nf3 Bf6 25. g4 h6 26. gxf5 gxf5 27. Rxg8+ Kxg8 28. Bh4
Bxh4 29. Nxh4 Rg7 30. Rg1 Qe8 31. Rxg7+ Kxg7 32. Qg2+ Kh7 33. Nf3 Nf6 34. Ne5
Nd7 1/2-1/2

[Event "SG Siemens Erlangen e.V. 1-SC Noris-Tar"]
[Site "?"]
[Date "2013.02.11"]
[Round "7.8"]
[White "Reiner, Heinrich"]
[Black "Dreiseitel, Werner"]
[Result "1-0"]
[WhiteElo "1731"]
[BlackElo "1523"]
[PlyCount "113"]
[EventDate "2013.??.??"]
[WhiteTeam "SG Siemens Erlangen e.V. 1"]
[BlackTeam "SC Noris-Tarrasch N 1873 e.V. 4"]

1. Nf3 d5 2. b3 c6 3. Bb2 Bf5 4. d3 e6 5. Nbd2 Nf6 6. g3 h6 7. Bg2 Be7 8. O-O
O-O 9. c4 Nbd7 10. Re1 Re8 11. e4 dxe4 12. dxe4 Bg4 13. e5 Nh7 14. h3 Bxf3 15.
Nxf3 Nc5 16. Qc2 Qc7 17. b4 Nd7 18. a3 Nhf8 19. Rad1 Rad8 20. Rd3 Nb6 21. Red1
Rxd3 22. Rxd3 Rd8 23. h4 Rxd3 24. Qxd3 Ng6 25. h5 Nf8 26. Nd2 c5 27. b5 Nc8 28.
f4 b6 29. Kf2 Qd8 30. Ke3 Qxd3+ 31. Kxd3 Bd8 32. Ne4 Bc7 33. g4 Nd7 34. Ke3 Kf8
35. a4 Ne7 36. Nd6 Nb8 37. Bb7 Nd7 38. Ke4 Nb8 39. f5 exf5+ 40. gxf5 f6 41. Nc8
Nxc8 42. Bxc8 fxe5 43. Bxe5 Bxe5 44. Kxe5 Ke7 45. Kd5 Nd7 46. Kc6 Ne5+ 47. Kb7
Nxc4 48. Kxa7 Nb2 49. a5 bxa5 50. b6 Nd3 51. b7 Nb4 52. Kb6 Kd6 53. b8=Q+ Kd5
54. Be6+ Kd4 55. Qf4+ Kc3 56. Qc4+ Kd2 57. Qxc5 1-0

[Event "SC Uttenreuth e.V. 1-SGem 1882 Fürth 1"]
[Site "?"]
[Date "2013.02.11"]
[Round "7.1"]
[White "Heimrath, Wolfgang"]
[Black "Spiegelhauer, Tilmann"]
[Result "1-0"]
[WhiteElo "2064"]
[BlackElo "1847"]
[PlyCount "33"]
[EventDate "2013.??.??"]
[WhiteTeam "SGem 1882 Fürth 1"]
[BlackTeam "SC Uttenreuth e.V. 1"]

1. e4 e6 2. c4 d5 3. cxd5 exd5 4. Qb3 dxe4 5. Bc4 Qe7 6. Nc3 Nf6 7. d3 Nc6 8.
dxe4 Nd4 9. Qa4+ Bd7 10. Bxf7+ Qxf7 11. Qxd4 O-O-O 12. Qxa7 Bc6 13. Nf3 Bd6 14.
Bg5 Qc4 15. O-O-O Nxe4 16. Qa8+ Kd7 17. Qxd8+ 1-0

[Event "SC Uttenreuth e.V. 1-SGem 1882 Fürth 1"]
[Site "?"]
[Date "2013.02.11"]
[Round "7.2"]
[White "Miederer, Karl"]
[Black "Schwarz, Werner"]
[Result "0-1"]
[WhiteElo "1837"]
[BlackElo "1760"]
[PlyCount "54"]
[EventDate "2013.??.??"]
[WhiteTeam "SC Uttenreuth e.V. 1"]
[BlackTeam "SGem 1882 Fürth 1"]

1. e4 c6 2. Nc3 d5 3. exd5 cxd5 4. d4 Nf6 5. Nf3 Nc6 6. Bb5 Bd7 7. O-O e6 8.
Re1 a6 9. Bxc6 Bxc6 10. Ne5 h6 11. Nxc6 bxc6 12. Bf4 Be7 13. Re3 g6 14. Be5 O-O
15. Rh3 Kh7 16. Qd2 Ng8 17. Bf4 g5 18. Be5 f5 19. Qd3 Qe8 20. g4 Qg6 21. Re1
Nf6 22. gxf5 exf5 23. Bxf6 Qxf6 24. Rg3 Bd6 25. Rge3 Kg7 26. h4 Qg6 27. hxg5
hxg5 0-1

[Event "SC Uttenreuth e.V. 1-SGem 1882 Fürth 1"]
[Site "?"]
[Date "2013.02.11"]
[Round "7.3"]
[White "Bauer, Peter"]
[Black "Niedermaier, Barbara"]
[Result "1-0"]
[WhiteElo "1745"]
[BlackElo "1837"]
[PlyCount "87"]
[EventDate "2013.??.??"]
[WhiteTeam "SGem 1882 Fürth 1"]
[BlackTeam "SC Uttenreuth e.V. 1"]

1. d4 d5 2. Bf4 e6 3. Nf3 c5 4. e3 Nc6 5. c3 Nf6 6. h3 Be7 7. Be2 Ne4 8. O-O g5
9. Bh2 Bd6 10. Ne5 Nxe5 11. dxe5 Be7 12. f3 g4 13. fxe4 gxh3 14. Bh5 Rf8 15.
Rxf7 Rxf7 16. Qf3 dxe4 17. Qxf7+ Kd7 18. Na3 Kc6 19. Rd1 Qc7 20. Qxh7 hxg2 21.
Qxe4+ Kb6 22. Nc4+ Ka6 23. Nd6 Bd7 24. Be2+ Kb6 25. b4 Qc6 26. bxc5+ Kc7 27.
Bf3 Bg5 28. Bf4 Bxf4 29. Qxf4 Qxc5 30. Nxb7 Qxc3 31. Qd4 Qxd4 32. exd4 Rg8 33.
Nc5 Bc8 34. Rd2 Rf8 35. Bxg2 Rd8 36. Bh3 Re8 37. Rf2 Kc6 38. Bg2+ Kb5 39. a4+
Kc4 40. Rf4 Rd8 41. Bf1+ Kc3 42. Rf3+ Kd2 43. Kf2 Rxd4 44. Nb3+ 1-0

[Event "SC Uttenreuth e.V. 1-SGem 1882 Fürth 1"]
[Site "?"]
[Date "2013.02.11"]
[Round "7.4"]
[White "Traut, Gerhard"]
[Black "Taskin, Kadir"]
[Result "1-0"]
[WhiteElo "1786"]
[BlackElo "1703"]
[PlyCount "95"]
[EventDate "2013.??.??"]
[WhiteTeam "SC Uttenreuth e.V. 1"]
[BlackTeam "SGem 1882 Fürth 1"]

1. e4 e5 2. Nf3 Nc6 3. Bc4 Bc5 4. c3 d6 5. d4 exd4 6. cxd4 Bb4+ 7. Nc3 Bg4 8.
O-O Qf6 9. Nd5 Qd8 10. Nxb4 Nge7 11. Nxc6 bxc6 12. Bxf7+ Kd7 13. h3 Qf8 14.
hxg4 Qxf7 15. e5 h6 16. Re1 Qg8 17. Qe2 Re8 18. Qa6 Nc8 19. Be3 h5 20. g5 h4
21. Rac1 Qd5 22. Qc4 Nb6 23. Qxd5 Nxd5 24. Kf1 Nb4 25. Ke2 Rb8 26. a3 Nd5 27.
Rc2 h3 28. gxh3 Rxh3 29. Rec1 Rf8 30. Ng1 Rh1 31. Kd2 dxe5 32. dxe5 Rf5 33. e6+
Ke7 34. Ne2 Rxc1 35. Rxc1 Nxe3 36. fxe3 c5 37. Nf4 Re5 38. b4 Rxg5 39. Rxc5
Rxc5 40. bxc5 g5 41. Nh3 Kxe6 42. Nxg5+ Kd5 43. Kc3 Kxc5 44. e4 Kd6 45. Kd4 c5+
46. Kc4 Ke5 47. Kxc5 Kf4 48. Kd6 1-0

[Event "SC Uttenreuth e.V. 1-SGem 1882 Fürth 1"]
[Site "?"]
[Date "2013.02.11"]
[Round "7.5"]
[White "Schmidt, Friedrich"]
[Black "Beck, Gerhard"]
[Result "1/2-1/2"]
[WhiteElo "1692"]
[BlackElo "1739"]
[PlyCount "74"]
[EventDate "2013.??.??"]
[WhiteTeam "SGem 1882 Fürth 1"]
[BlackTeam "SC Uttenreuth e.V. 1"]

1. Nf3 Nf6 2. d4 g6 3. c4 Bg7 4. g3 O-O 5. Bg2 d6 6. O-O Nbd7 7. Nc3 e5 8. dxe5
Nxe5 9. Nxe5 dxe5 10. Bg5 c6 11. Qc2 Qc7 12. Rad1 h6 13. Bxf6 Bxf6 14. e4 Be6
15. b3 Rad8 16. Ne2 Rxd1 17. Rxd1 Rd8 18. Rd3 Qa5 19. Rxd8+ Bxd8 20. Kf1 Qc5
21. Nc1 b5 22. Nd3 Qd4 23. cxb5 cxb5 24. h4 Bb6 25. Kg1 f5 26. Qe2 Qa1+ 27. Kh2
Bd4 28. Nb4 Qb2 29. Qxb2 Bxb2 30. f3 a5 31. Nd3 Bd4 32. f4 exf4 33. Nxf4 Bf7
34. exf5 gxf5 35. Bc6 a4 36. Nd5 Bxd5 37. Bxd5+ Kg7 1/2-1/2

[Event "SC Uttenreuth e.V. 1-SGem 1882 Fürth 1"]
[Site "?"]
[Date "2013.02.11"]
[Round "7.6"]
[White "Meyer, Jürgen"]
[Black "Heydt, Günter"]
[Result "1-0"]
[WhiteElo "1710"]
[BlackElo "1661"]
[PlyCount "86"]
[EventDate "2013.??.??"]
[WhiteTeam "SC Uttenreuth e.V. 1"]
[BlackTeam "SGem 1882 Fürth 1"]

1. d4 d5 2. Nf3 e6 3. e3 Nf6 4. Bd3 c5 5. b3 Nc6 6. O-O Bd6 7. Nbd2 O-O 8. Bb2
Re8 9. Ne5 Qc7 10. f4 cxd4 11. exd4 Nb4 12. Ndf3 h6 13. Bb5 Bd7 14. Nxd7 Nxd7
15. Ne5 Re7 16. Nxd7 Rxd7 17. Bxd7 Qxd7 18. c3 Nc6 19. Qd3 Ne7 20. Rae1 Qc7 21.
g3 Qa5 22. a4 Qb6 23. b4 a6 24. Kg2 Rc8 25. h3 Rc4 26. a5 Qc7 27. Qf3 b6 28.
axb6 Qxb6 29. Ra1 Rc8 30. Qd3 Rc6 31. Ra2 Qb5 32. Qxb5 axb5 33. Rfa1 Nf5 34.
Kf3 g5 35. Ra6 Rc8 36. Ra8 Rxa8 37. Rxa8+ Kg7 38. Ra5 gxf4 39. gxf4 Nh4+ 40.
Kg4 Nf5 41. Rxb5 h5+ 42. Kxh5 Ng3+ 43. Kg4 Ne2 1-0

[Event "SC Uttenreuth e.V. 1-SGem 1882 Fürth 1"]
[Site "?"]
[Date "2013.02.11"]
[Round "7.7"]
[White "Sawitzki, Nikolaus"]
[Black "Abmayr, Bernhard"]
[Result "0-1"]
[WhiteElo "1657"]
[BlackElo "1691"]
[PlyCount "57"]
[EventDate "2013.??.??"]
[WhiteTeam "SGem 1882 Fürth 1"]
[BlackTeam "SC Uttenreuth e.V. 1"]

1. e4 e5 2. Bc4 Nc6 3. Nc3 Nf6 4. d3 d6 5. h3 Na5 6. Bb3 Nxb3 7. axb3 Bd7 8.
Nf3 Be7 9. O-O O-O 10. Bd2 a6 11. Nh2 h6 12. f4 exf4 13. Bxf4 Nh7 14. Nd5 Bg5
15. Ng4 c6 16. Nde3 Bxf4 17. Rxf4 Ng5 18. Nf5 Bxf5 19. Rxf5 f6 20. Qd2 Re8 21.
Raf1 d5 22. Qf2 Re7 23. Qg3 Kh8 24. h4 Nf7 25. R1f3 Qf8 26. Qf2 Ne5 27. Rg3
Rae8 28. Qf4 Nxg4 29. Qxg4 0-1

[Event "SC Uttenreuth e.V. 1-SGem 1882 Fürth 1"]
[Site "?"]
[Date "2013.02.11"]
[Round "7.8"]
[White "Böhme, Markus"]
[Black "Lober, Wolfgang"]
[Result "0-1"]
[WhiteElo "1507"]
[BlackElo "1631"]
[PlyCount "50"]
[EventDate "2013.??.??"]
[WhiteTeam "SC Uttenreuth e.V. 1"]
[BlackTeam "SGem 1882 Fürth 1"]

1. e4 c5 2. Nf3 e6 3. d4 cxd4 4. c3 Nf6 5. e5 Nd5 6. cxd4 Nc6 7. Bc4 Nb6 8. Bb3
d5 9. Nc3 Be7 10. O-O O-O 11. Bf4 a6 12. g3 Nc4 13. Bxc4 dxc4 14. Qd2 b5 15.
Rfd1 Bb7 16. Qc2 Nb4 17. Qe2 Nd5 18. Be3 Nxc3 19. bxc3 Qd5 20. Kg2 g5 21. g4 f5
22. gxf5 Rxf5 23. Kf1 Rxf3 24. Qd2 Rf5 25. Ke2 Qf3+ 0-1

[Event "SG SC Mühldorf/SK Schwabach 1-SG Gunzen"]
[Site "?"]
[Date "2013.02.11"]
[Round "7.1"]
[White "Stephan, Eberhard"]
[Black "Ahmels, Christian"]
[Result "1/2-1/2"]
[WhiteElo "1920"]
[BlackElo "2065"]
[PlyCount "43"]
[EventDate "2013.??.??"]
[WhiteTeam "SG Gunzenhausen/Weißenburg 2"]
[BlackTeam "SG SC Mühldorf/SK Schwabach 1"]

1. f4 d5 2. Nf3 Nf6 3. e3 c5 4. b3 g6 5. Bb2 Bg7 6. Bb5+ Bd7 7. Bxd7+ Nbxd7 8.
O-O O-O 9. Qe1 e6 10. d3 Rc8 11. Nbd2 b5 12. c4 bxc4 13. bxc4 Nb6 14. Rd1 Na4
15. Ba1 Nd7 16. Bxg7 Kxg7 17. Nb3 f6 18. Rf2 Qc7 19. Rc2 dxc4 20. dxc4 Ndb6 21.
Qa5 Rfd8 22. Rcd2 1/2-1/2

[Event "SG SC Mühldorf/SK Schwabach 1-SG Gunzen"]
[Site "?"]
[Date "2013.02.11"]
[Round "7.2"]
[White "Mehwald, Thomas"]
[Black "Frank, Gerhard"]
[Result "1-0"]
[WhiteElo "2008"]
[BlackElo "1704"]
[PlyCount "49"]
[EventDate "2013.??.??"]
[WhiteTeam "SG SC Mühldorf/SK Schwabach 1"]
[BlackTeam "SG Gunzenhausen/Weißenburg 2"]

1. e4 c5 2. Nf3 d6 3. d4 cxd4 4. Nxd4 g6 5. Nc3 Bg7 6. Be3 Nf6 7. Bc4 O-O 8. f3
Nc6 9. Qd2 a6 10. h4 Nxd4 11. Bxd4 b5 12. Bb3 h5 13. O-O-O Bd7 14. g4 hxg4 15.
h5 gxh5 16. Nd5 e5 17. Bb6 Qb8 18. Bc7 Qa7 19. Bxd6 Nxd5 20. Bxd5 Qb6 21. Rxh5
gxf3 22. Bxe5 Bxe5 23. Rxe5 Rfc8 24. Qg5+ Kf8 25. Qe7+ 1-0